Tate McRae Albums by Picture - Statistics

General Stats
  • This quiz has been taken 193 times
  • The average score is 4 of 5
Answer Stats
Picture Answer % Correct
Think Later
98%
So Close To What
95%
I Used To Think I Could Fly
88%
Too Young To Be Sad
66%
All The Things I Never Said
56%
No matching quizzes found
Score Distribution
Percent of People with Each Score
Percentile by Number Answered
Your Score History
You have not taken this quiz